000 00872nas a2200289 4500
001 BR9406229
003 BR-BrBNA
005 20231205093746.0
007 ta
008 230509b bl.|||p| |||| 00| 00por d
040 _aBR-BrBNA
_bpor
_cBiblioteca Nacional de Agricultura
041 _a(Pt)
072 _aF04
100 1 _aCruz, M.C.P. da
100 1 _aFerreira, M.E.
100 1 _aLuchetta, S.
245 1 _aEfeito da calagem sobre a producao de materia seca de tres gramineas forrageiras
650 _aCapim Brachiaria
650 _aCapim Andropogon
650 _aCapim Coloniao
650 _aCalagem
650 _aAcidez
650 _aLatossolo Vermelho Escuro
773 0 _tPesquisa Agropecuaria Brasileira (Brazil)
_xISSN 0100-204X
_g(Aug 1994), v. 29(8) p. 1303-1312
_wBR9406229
909 _a202311
_bLúcia
_c55
_dLúcia Elande
942 _2AGRIS
_n0
_cANA
999 _c140256
_d140256